| 000 | 00576nam a22001937a 4500 | ||
|---|---|---|---|
| 008 | 150528b xxu||||| |||| 00| 0 eng d | ||
| 020 | _a9780071489973 | ||
| 020 | _a0071489975 | ||
| 041 | 0 | _aeng | |
| 080 | _a338 | ||
| 100 | _aSmith, Philip B. | ||
| 245 | 0 | 0 |
_aA billion bootstraps : _cPhil Smith, Eric Thurman. |
| 260 |
_aNew York : _bMcGraw-Hill, _cc2007. |
||
| 300 |
_a224 f _bme il _c24 cm. |
||
| 500 | _aindex | ||
| 650 | _aMicro finance | ||
| 700 | _aThurman, Eric. | ||
| 942 |
_2udc _cBK |
||
| 999 |
_c923 _d923 |
||